000 01069nam a2200265Ia 4500
001 18090
003 GE_BSU
008 181216s||||||||xx |||||||||||||| ||und||
020 _a99940-31-50-3
040 _cGE_BSU
080 _a811.14'06'367.625
100 _aგიორგობიანი, თინათინ
245 _aბერძნული ზმნა ძველქართულ თარგმანებში
245 _cრედ. ი.გაგუა, ნ. ტონია
260 _aთბილისი
260 _bლოგოსი
260 _c2005
300 _a155 გვ. ; 20 სმ
300 _eშემოკლ. განმარტ.: გვ. 3
520 _aრეზ. ინგლ. ენ.
541 _h5ლ.
653 _aბერძნული ზმნა ძველქართულ თარგმანებში
653 _aზმნა ბერძნულ ენაში; ბერძნული ზმნის გადმოცემა ქართულად;
942 _cBK
999 _c51133
_d51133